000 00723nam a2200289Ia 4500
005 20260324141907.0
008 008 260324s9999 xx 000 0 eng d
020 _a9781315822228
037 _aEBOOK
040 _aCRL
040 _beng
040 _cCRL
041 _2eng
041 _aeng
084 _qCRL
100 _aAdrian Peperzak
_91209910
245 0 _aEthics as First Philosophy
245 4 _bThe Significance of Emmanuel Levinas for Philosophy, Literature and Religion
260 _bTaylor and Francis
260 _c1996
365 _a
365 _b165
856 _uhttp://www.taylorfrancis.com/books/9781315822228
942 _cEBOOK
999 _c1813481
_d1813481